Online
Catalog

Aves comunes de la República Dominicana = Common birds of the Dominican Republic / (Record no. 49215)

MARC details
000 -CABECERA
campo de control de longitud fija 02676nam a22003737a 4500
003 - IDENTIFICADOR DEL NÚMERO DE CONTROL
campo de control DO-SdBNP
005 - FECHA Y HORA DE LA ÚLTIMA TRANSACCIÓN
campo de control 20240904103921.0
008 - DATOS DE LONGITUD FIJA--INFORMACIÓN GENERAL
campo de control de longitud fija 201126b2001 dr o|||| |||| 00| 0 spa d
040 ## - FUENTE DE LA CATALOGACIÓN
Centro catalogador/agencia de origen DO-SdBNP
Lengua de catalogación spa
Centro/agencia transcriptor BNPHU
Normas de descripción rda
082 #4 - NÚMERO DE LA CLASIFICACIÓN DECIMAL DEWEY
Número de edición 22
Número de documento/Ítem L364a
100 ## - ENTRADA PRINCIPAL--NOMBRE DE PERSONA
Nombre de persona Latta, Steven C
9 (RLIN) 77446
Término indicativo de función/relación autor
240 10 - TÍTULO UNIFORME
Título uniforme Common birds of the Dominican Republic /
Lenguaje de la obra Español
245 10 - MENCIÓN DE TÍTULO
Título Aves comunes de la República Dominicana = Common birds of the Dominican Republic /
Mención de responsabilidad, etc. Steven C. Latta ; fotógrafos Eladio Fernández, Nicolás López, Francisco Rivas, Valérie Druguet ; traducciones Tess Kulstad, Pedro G. Rodríguez, Miguel Rodríguez, R. Eduardo Vásquez, Rafael Lorenzo y otro
264 #1 - PRODUCCIÓN, PUBLICACIÓN, DISTRIBUCIÓN, FABRICACIÓN Y COPYRIGHT
Producción, publicación, distribución, fabricación y copyright Santo Domingo :
Nombre del de productor, editor, distribuidor, fabricante Sociedad Ornitológica de la Hispaniola,
Fecha de producción, publicación, distribución, fabricación o copyright 2001.
300 ## - DESCRIPCIÓN FÍSICA
Extensión 60 páginas
Otras características físicas fotografías
Dimensiones 23 cm.
336 ## - TIPO DE CONTENIDO
Término de tipo de contenido texto
Código de tipo de contenido txt
Fuente rdacontent
337 ## - TIPO DE MEDIO
Nombre/término del tipo de medio sin mediación
Código del tipo de medio n
Fuente rdamedia
338 ## - TIPO DE SOPORTE
Nombre/término del tipo de soporte volumen
Código del tipo de soporte nc
Fuente rdacarrier
500 ## - NOTA GENERAL
Nota general Texto en español e inglés en columnas paralelas.
505 2# - NOTA DE CONTENIDO CON FORMATO
Nota de contenido con formato Índice de nombres locales = Index of local names --
Título Aura tiñosa -- Barrancolí -- Búcaro -- Canario de manglar -- Carpintero -- Carrao -- Chinchilín -- Chua-chuá -- Cigua canaria -- Cigua palmera -- Cigüita común -- Cigüita de hierba -- Cigüita de los prados -- Cotorra -- Cra-crá -- Cuatro ojos -- Cuervo -- Cuyaya -- Flamenco -- Gallareta pico rojo -- Gallito prieto -- Garza de rizos -- Garza ganadera -- Garza pechiblanco -- Garza real -- Garzón cenizo -- Gaviota cabecinegra -- Gaviota real -- Gorrión -- Guaraguao -- Guinea -- Judío -- Julián chiví -- Lechuza común -- Madam sagá -- Pájaro bobo -- Paloma doméstica -- Paloma coronita -- Papagayo -- Patas amarillas menor -- Pato de la florida -- Pato de orilla -- Pechi-Jabao -- Pega palo -- Pelícano -- Perico -- Petigre -- Playerito -- Playero corredor -- Querebebé -- Rolita -- Ruiseñor -- Ti-íto -- Tijereta -- Tórtola -- Vencejito -- Viuda -- Yaguaza -- Zumbadorcito -- Zumbador grande /
590 ## - NOTA LOCAL (RLIN)
Nota local Inventariado, 2021/LP
700 ## - PUNTO DE ACCESO ADICIONAL--NOMBRE DE PERSONA
Código de función/relación fot.
Nombre de persona Fernández, Eladio
Término indicativo de función/relación fotógrafo
9 (RLIN) 69578
700 ## - PUNTO DE ACCESO ADICIONAL--NOMBRE DE PERSONA
Código de función/relación fot.
Nombre de persona López, Nicolás
Término indicativo de función/relación fotógrafo
9 (RLIN) 86511
700 ## - PUNTO DE ACCESO ADICIONAL--NOMBRE DE PERSONA
Código de función/relación fot.
Nombre de persona Rivas, Francisco
Término indicativo de función/relación fotógrafo
9 (RLIN) 86512
700 ## - PUNTO DE ACCESO ADICIONAL--NOMBRE DE PERSONA
Código de función/relación fot.
Nombre de persona Druguet, Valérie
Término indicativo de función/relación fotógrafo
9 (RLIN) 86513
700 ## - PUNTO DE ACCESO ADICIONAL--NOMBRE DE PERSONA
Código de función/relación trad.
Nombre de persona Kulstad, Tess
Término indicativo de función/relación traducciones
9 (RLIN) 86514
700 ## - PUNTO DE ACCESO ADICIONAL--NOMBRE DE PERSONA
Código de función/relación trad.
Nombre de persona Rodríguez, Pedro G.
Término indicativo de función/relación traducciones
9 (RLIN) 86515
700 ## - PUNTO DE ACCESO ADICIONAL--NOMBRE DE PERSONA
Código de función/relación trad.
Nombre de persona Rodríguez, Miguel
Término indicativo de función/relación traducciones
9 (RLIN) 29851
700 ## - PUNTO DE ACCESO ADICIONAL--NOMBRE DE PERSONA
Código de función/relación trad.
Nombre de persona Vásquez, R. Eduardo
Término indicativo de función/relación traducciones
9 (RLIN) 86516
700 ## - PUNTO DE ACCESO ADICIONAL--NOMBRE DE PERSONA
Código de función/relación trad.
Nombre de persona Lorenzo, Rafael
Término indicativo de función/relación traducciones
9 (RLIN) 86517
700 ## - PUNTO DE ACCESO ADICIONAL--NOMBRE DE PERSONA
Código de función/relación trad.
Nombre de persona Morales, Marcos
Término indicativo de función/relación traducciones
9 (RLIN) 29769
910 ## - DATOS DE OPCIÓN DEL USUARIO (OCLC)
Datos de opción del usuario Lopérez
942 ## - ELEMENTOS DE PUNTO DE ACCESO ADICIONAL (KOHA)
Fuente del sistema de clasificación o colocación Dewey Decimal Classification
Tipo de ítem Koha Libro
Holdings
Estado de retiro Estado de pérdida Fuente del sistema de clasificación o colocación No para préstamo Código de colección Localización permanente Ubicación/localización actual Ubicación en estantería Fecha de adquisición Fuente de adquisición Total de préstamos Signatura topográfica completa Código de barras Fecha visto por última vez Precio válido a partir de Tipo de ítem Koha Restricciones de uso Número de copia Nota pública
    Dewey Decimal Classification   Patrimonio Dominicano Biblioteca Nacional Pedro Henríquez Ureña Biblioteca Nacional Pedro Henríquez Ureña En catalogación 01.03.2023 Donado por Emilio Cordero Michel   BNPHU PD 2024-5221 04.09.2024 04.09.2024 Libro Excluido de préstamo e. 2 Perteneció a la biblioteca personal de Emilio Cordero Michel
    Dewey Decimal Classification Préstamo en sala Monografías: Libros y Folletos Biblioteca Nacional Pedro Henríquez Ureña Patrimonio Dominicano Depósito 26.11.2020 Donado / Patria Núñez   BNPHU PD 2021-27335 26.11.2020 26.11.2020 Libro      

Powered by Koha